Versi degli animali - Quiz n°1 - Statistics

Statistiche generali
  • Questo quiz è stato fatto 251 volte
  • Il punteggio medio è 7 su 10
Statistiche sulle risposte
Hint Risposta % Corretto
Belare Agnello
97%
Grugnire Maiale
94%
Miagolare Gatto
92%
Zanzara Ronzare
82%
Cinguettare Passero
78%
Gracidare Rana
72%
Frinire Cicala
66%
Gracchiare Corvo
55%
Chiurlare Assuolo
47%
Bruire Tigre
27%
Nessun quiz corrispondente trovato
Distribuzione punteggi
Percentuale di utenti per punteggio
Percentile per numero di risposta
I tuoi punteggi nel tempo
Non hai fatto questo quiz